[Event "IND-ch 48th"]
[Site "New Delhi"]
[Date "2010.12.17"]
[Round "8"]
[White "Vishnu, Prasanna V"]
[Black "Joshi, GB."]
[Result "0-1"]
[WhiteElo "2406"]
[BlackElo "2292"]
[PlyCount "120"]
[EventDate "2010.12.09"]
[EventType "swiss"]
[EventRounds "13"]
[EventCountry "IND"]
[SourceTitle "CBM 139 Extra"]
[Source "ChessBase"]
[SourceDate "2011.01.05"]
[SourceVersion "1"]
[SourceVersionDate "2011.01.05"]
[SourceQuality "1"]

1. c4 e5 2. Nc3 Nf6 3. Nf3 Nc6 4. a3 a5 5. d3 g6 6. g3 Bg7 7. Bg2 0-0 8. 0-0 d6 9. Rb1 h6 10. Nd2 Be6 11. Nd5 Nd7 12. b4 axb4 13. axb4 Rb8 14. Ne4 b5 15. Nec3 bxc4 16. dxc4 Bf5 17. Rb2 Ne7 18. Nxe7+ Qxe7 19. Nd5 Qd8 20. Rd2 Re8 21. Ba3 Qc8 22. c5 dxc5 23. bxc5 Nf6 24. Nb4 Bh3 25. c6 Bf8 26. Rb2 Bxg2 27. Kxg2 Qe6 28. Qc2 Rb6 29. Rc1 Reb8 30. Qc4 Qxc4 31. Rxc4 Ra8 32. Nc2 Nd5 33. Rxb6 Nxb6 34. Rc3 Nd5 35. Rd3 Bxa3 36. Rxd5 Bd6 37. Rd3 f5 38. f3 Kf7 39. e4 Ke6 40. Ne3 Ra2+ 41. Kh3 fxe4 42. fxe4 Ra4 43. Ng4 h5 44. Nf2 Bc5 45. Rf3 Bxf2 46. Rxf2 Rxe4 47. Rf8 Rc4 48. Re8+ Kd5 49. Rd8+ Ke4 50. g4 Rxc6 51. gxh5 gxh5 52. Kh4 Rd6 53. Rc8 Rd7 54. Kxh5 Kd3 55. Re8 e4 56. Kg4 c5 57. Kf4 c4 58. h4 c3 59. h5 c2 60. Rc8 e3 0-1

[Event "IND-ch 48th"]
[Site "New Delhi"]
[Date "2010.12.15"]
[Round "7"]
[White "Joshi, GB."]
[Black "Navin, Kanna TU"]
[Result "0-1"]
[WhiteElo "2292"]
[BlackElo "2369"]
[PlyCount "88"]
[EventDate "2010.12.09"]
[EventType "swiss"]
[EventRounds "13"]
[EventCountry "IND"]
[SourceTitle "CBM 139 Extra"]
[Source "ChessBase"]
[SourceDate "2011.01.05"]
[SourceVersion "1"]
[SourceVersionDate "2011.01.05"]
[SourceQuality "1"]

1. e4 e6 2. d4 d5 3. Nd2 Nf6 4. e5 Nfd7 5. Bd3 c5 6. c3 Nc6 7. Ne2 cxd4 8. cxd4 Qb6 9. Nf3 f6 10. exf6 Nxf6 11. Nc3 Bd6 12. 0-0 0-0 13. Be3 Qd8 14. Rc1 Bd7 15. Re1 Ng4 16. Bxh7+ Kxh7 17. Ng5+ Qxg5 18. Bxg5 Bxh2+ 19. Kh1 Nxf2+ 20. Kxh2 Nxd1 21. Rcxd1 Rf2 22. Re2 Raf8 23. Kg3 Rf1 24. Rxf1 Rxf1 25. Rd2 Kg6 26. Bf4 Ne7 27. Be5 Nf5+ 28. Kh2 Ne3 29. Bc7 Rc1 30. Re2 Nf1+ 31. Kh3 e5+ 32. g4 exd4 33. Bf4 Ne3 34. Bxe3 dxe3 35. Nxd5 Kg5 36. Nxe3 Kf4 37. Rd2 Bc6 38. Nd5+ Kf3 39. Rd3+ Ke4 40. Nb4 a5 41. Nxc6 Kxd3 42. Nxa5 b6 43. Nb7 Kc2 44. b4 Rd1 0-1

[Event "IND-ch 48th"]
[Site "New Delhi"]
[Date "2010.12.14"]
[Round "6"]
[White "Padmini, Rout"]
[Black "Joshi, GB."]
[Result "1/2-1/2"]
[WhiteElo "2352"]
[BlackElo "2292"]
[PlyCount "98"]
[EventDate "2010.12.09"]
[EventType "swiss"]
[EventRounds "13"]
[EventCountry "IND"]
[SourceTitle "CBM 139 Extra"]
[Source "ChessBase"]
[SourceDate "2011.01.05"]
[SourceVersion "1"]
[SourceVersionDate "2011.01.05"]
[SourceQuality "1"]

1. e4 c5 2. Nf3 Nc6 3. d4 cxd4 4. Nxd4 g6 5. c4 Bg7 6. Be3 Nf6 7. Nc3 0-0 8. Be2 d6 9. 0-0 Bd7 10. f3 Qb6 11. Ncb5 a6 12. Nc2 Qa5 13. Nc3 Rfc8 14. Bf2 Be6 15. Nd5 Nd7 16. a3 Bxb2 17. Rb1 Bg7 18. Rxb7 Qd8 19. Ncb4 Na5 20. Rxd7 Qxd7 21. Nb6 Qb7 22. Nxa8 Rxa8 23. Nd5 Bxd5 24. cxd5 Nb3 25. f4 Rc8 26. Qd3 Nc5 27. Qc4 Qb2 28. a4 a5 29. e5 Qb4 30. Rc1 Rb8 31. Qxb4 Rxb4 32. Bxc5 dxc5 33. g3 Rxa4 34. Rxc5 g5 35. Rc8+ Bf8 36. Bc4 gxf4 37. gxf4 Kg7 38. Kf2 Rb4 39. f5 a4 40. Rc7 a3 41. d6 exd6 42. Rxf7+ Kh6 43. Bd5 Rb5 44. Be6 Rb8 45. exd6 Bxd6 46. Kf3 Bxh2 47. Bd5 Be5 48. Ra7 Bb2 49. f6 Bxf6 1/2-1/2